LIBRARY & INFORMATION CENTRE, KCAET, TAVANUR

ONLINE PUBLIC ACCESS CATALOGUE (OPAC)

Biotechnology and genetic engineering (Record no. 13991)

MARC details
000 -LEADER
fixed length control field 00335nam a22001337a 4500
020 ## - INTERNATIONAL STANDARD BOOK NUMBER
ISBN 9789380199795
082 ## - DEWEY DECIMAL CLASSIFICATION NUMBER
Classification number 660.6
Item number MUK/BI
100 ## - MAIN ENTRY--AUTHOR NAME
Personal name Mukhopadhyay, S.N
245 ## - TITLE STATEMENT
Title Biotechnology and genetic engineering
260 ## - PUBLICATION, DISTRIBUTION, ETC. (IMPRINT)
Place of publication New Delhi
Name of publisher Wisdom Press
Year of publication 2011
700 ## - ADDED ENTRY--PERSONAL NAME
Personal name Sharma, Prabhakar
700 ## - ADDED ENTRY--PERSONAL NAME
Personal name Narain, Rabindra
942 ## - ADDED ENTRY ELEMENTS (KOHA)
Koha item type Books
Holdings
Withdrawn status Lost status Damaged status Collection code Home library Current library Shelving location Date acquired Source of acquisition Cost, normal purchase price Full call number Accession Number Koha item type
      Non-fiction KAUAET KAUAET General Stacks 30/03/2013 Neoti Book Agency 950.00 660.6 MUK/BI 23858 Books
free website counter